<?xml version="1.0" encoding="UTF-8"?>
<record
    xmlns:xsi="http://www.w3.org/2001/XMLSchema-instance"
    xsi:schemaLocation="http://www.loc.gov/MARC21/slim http://www.loc.gov/standards/marcxml/schema/MARC21slim.xsd"
    xmlns="http://www.loc.gov/MARC21/slim">

  <leader>00756nam a22002057a 4500</leader>
  <datafield tag="952" ind1=" " ind2=" ">
    <subfield code="0">0</subfield>
    <subfield code="1">0</subfield>
    <subfield code="4">0</subfield>
    <subfield code="7">0</subfield>
    <subfield code="a">19</subfield>
    <subfield code="b">19</subfield>
    <subfield code="d">2017-07-12</subfield>
    <subfield code="l">0</subfield>
    <subfield code="o">HF5381 M65</subfield>
    <subfield code="p">19 002847</subfield>
    <subfield code="r">2017-07-12</subfield>
    <subfield code="t">1</subfield>
    <subfield code="w">2017-07-12</subfield>
    <subfield code="y">LB</subfield>
  </datafield>
  <datafield tag="999" ind1=" " ind2=" ">
    <subfield code="c">102278</subfield>
    <subfield code="d">102278</subfield>
  </datafield>
  <controlfield tag="005">20231102152036.0</controlfield>
  <controlfield tag="008">170712s1993    sp b|||| |||| 00| 0 spa d</controlfield>
  <datafield tag="020" ind1=" " ind2=" ">
    <subfield code="a">8432992356</subfield>
  </datafield>
  <datafield tag="050" ind1=" " ind2=" ">
    <subfield code="a">HF5381</subfield>
    <subfield code="b">M65</subfield>
  </datafield>
  <datafield tag="100" ind1=" " ind2=" ">
    <subfield code="a">Montane Capdevila Josep</subfield>
    <subfield code="e">autor</subfield>
    <subfield code="9">64530</subfield>
  </datafield>
  <datafield tag="245" ind1=" " ind2=" ">
    <subfield code="a">Orientaci&#xF3;n Ocupacional</subfield>
    <subfield code="c">Josep Montane Capdevila</subfield>
  </datafield>
  <datafield tag="260" ind1=" " ind2=" ">
    <subfield code="a">Barcelona (Espa&#xF1;a)</subfield>
    <subfield code="b">: Ceac</subfield>
    <subfield code="c">, 1993</subfield>
  </datafield>
  <datafield tag="300" ind1=" " ind2=" ">
    <subfield code="a">221 p&#xE1;ginas</subfield>
  </datafield>
  <datafield tag="490" ind1=" " ind2=" ">
    <subfield code="a">Colecci&#xF3;n Educaci&#xF3;n y Ense&#xF1;anza</subfield>
  </datafield>
  <datafield tag="505" ind1=" " ind2=" ">
    <subfield code="a">Parte te&#xF3;rica
Parte practica
 </subfield>
  </datafield>
  <datafield tag="519" ind1=" " ind2=" ">
    <subfield code="a">Material Complementario / Mixta / </subfield>
    <subfield code="b">Pedagog&#xED;a / </subfield>
    <subfield code="c">Educaic&#xF3;n Familiar (P17-7) / </subfield>
    <subfield code="d">19 002847</subfield>
  </datafield>
  <datafield tag="650" ind1=" " ind2="0">
    <subfield code="a">ORIENTACI&#xD3;N PROFESIONAL Y VOCACIONAL</subfield>
    <subfield code="9">8825</subfield>
  </datafield>
  <datafield tag="942" ind1=" " ind2=" ">
    <subfield code="c">LB</subfield>
  </datafield>
</record>
